Theories of mass communication

Αποθηκεύτηκε σε:
Λεπτομέρειες βιβλιογραφικής εγγραφής
Κύριος συγγραφέας: DeFleur, Melvin L. (Melvin Lawrence), 1923-2017
Μορφή: Βιβλίο
Γλώσσα:English
Δημοσίευση: New York : McKay, 1972
Έκδοση:2nd ed.
Θέματα:
Ετικέτες: Προσθήκη ετικέτας
Δεν υπάρχουν, Καταχωρήστε ετικέτα πρώτοι!

MARC

LEADER 00000cam a2200000 i 4500
001 1/6866
008 000617s1972 eng d
035 |l 10062084 
040 |a GR-MY-UA  |b gre  |e aacr 
041 0 |a eng 
082 0 |a 302.23 
100 1 |a DeFleur, Melvin L.   |q (Melvin Lawrence),   |d 1923-2017. 
245 1 0 |a Theories of mass communication /  |c by Melvin L. De Fleur 
250 |a 2nd ed. 
260 |a New York :   |b McKay,   |c 1972 
300 |a xviii, 185 σ.  |b εικ., πίν. 
504 |a Περιέχει βιβλιογραφικές παραπομπές και ευρετήριο 
650 0 0 |a Mass media  |x Social aspects. 
852 |a INST  |b LESVOS  |e 20000617  |h 302.23 DEF  |p 005100020969  |q 005100020969  |t BK  |y 0 
909 |a Λ  |b 076554 
970 |z 2000/06/ΟΙΚΟΝΟΜΟΠΟΥΛΟΥ ΧΡΙΣΤΙΝΑ